000 00546nam a2200169Ia 4500
005 20250923144745.0
008 008 250917s9999 xx 000 0 eng d
037 _aTextual
040 _aDSWL
_beng
_cDSWL
041 _aeng
_2eng
084 _aYXzo(L:421):7
_qDSWL
100 _aRaizada, Suman
_9828092
245 0 _aStudy of 60 ex-T.B. patients with special REF to their
_cby Suman Raizada
260 _aDelhi
_bDelhi Delhi School of Social Work
_c1961
942 _cTEXL
_hYXzo(L:421):7
999 _c1442966
_d1442966